00449nam a22001697a 4500003000400000008004100004020001800045082001500063100004200078245002400120250001400144260003800158300001100196650001500207700003900222700001800261OSt250711b |||||||| |||| 00| 0 eng d a9789353065591 a616.89 HOA aHOOLEY, Jill M. and BUTCHER, James N. aAbnormal Psychology a17th. ed. aNoida,bPearson Education,c2025, a883 p. aPsychology aNOCK, Matthew K. and MINEKA, Susan aKAPUR, Preeti